Les contrats a terme et options.

O rizikách pri finančnej obsluhe. Definície. Termínové kontrakty. Opčné kontrakty. Trhy. Subskričné bony. Subskričné bony na nákup devíz. Kompenzačný a vyrovnávací systém. Základným cieľom kontraktu a opcie je transfer alebo rozdelenie trhového rizika. Postup pri transakciách. Transakcie pri opciách...

Descrizione completa

Salvato in:
Dettagli Bibliografici
Autore principale: Kessler, J.-R
Natura: Capitolo di libro
Lingua:francese
Soggetti:
Tags: Aggiungi Tag
Nessun Tag, puoi essere il primo ad aggiungerne!!

MARC

LEADER 00000naa a2200000 4500
001 r013642
005 20221213085344.9
041 0 |a fre 
044 |a FR 
245 1 0 |a Les contrats a terme et options.  |c J.-R. Kessler 
520 |a O rizikách pri finančnej obsluhe. Definície. Termínové kontrakty. Opčné kontrakty. Trhy. Subskričné bony. Subskričné bony na nákup devíz. Kompenzačný a vyrovnávací systém. Základným cieľom kontraktu a opcie je transfer alebo rozdelenie trhového rizika. Postup pri transakciách. Transakcie pri opciách. Príklady. Termínové kontrakty. (OCDE, La gestion des risques dans les services financiers 1992.). 
610 2 0 |a opcie 
610 2 0 |a obchody termínové 
610 2 0 |a obchody opčné 
610 2 0 |a riziko 
100 1 |a Kessler, J.-R.